000 00975 a2200217 4500
001 22055
005 20260407155509.0
008 260407a2011 arg spa d
003 AR-UNSa-BCEJYS
040 _aAR-UNSa-BCEJYS
_bspa
_cAR-UNSa-BCEJYS
080 _a342
_xDerecho constitucional (Derecho Público)
245 1 0 _aLímites a las reformas constitucionales
_pteoría de las cláusulas pétreas
020 _a978-950-508-936-9
264 1 _aBuenos Aires :
_bAstrea
_c2011
300 _axvi, 269 p.
_c22 cm.
505 _a1. Consideraciones generales - 2. Relevancia de la forma - 3. Relevancia del fondo. una visión crítica - 4. Poder constituyente y reforma - 5. Democracia y cláusulas pétreas - 6. La temática en la Argentina
942 _cBK
590 _aniveau_biblio:m niveau_hierar:0
100 1 _aColombo Murúa, Ignacio
856 4 1 _uhttps://biblioeco.unsa.edu.ar/pmb/images/libros/L?mites a las Reformas Constitucionales.jpg
_yImagen de portada
_qimage/jpeg
999 _c889
_d889